Stolice państw na podstawie granic - Statystyki

Ogólne statystyki
  • Ten quiz został rozwiązany 12 razy
  • Średni wynik to 9 z 15
Statystyki odpowiedzi
Obrazkowy Odpowiedź % Poprawnych
Warszawa
100%
Belgrad
80%
Brasilia
80%
Praga
80%
Pretoria / Kapsztad / Bloemfontein
80%
Wiedeń
80%
Wilno
80%
Hawana
60%
Helsinki
60%
Lima
50%
Ułan Bator
50%
Biszkek
30%
Kabul
30%
Maputo
20%
Dodoma
10%
Nie znaleziono quizów pasujących do podanych kryteriów
Rozkład punktacji
Procent ludzi z każdym wynikiem
Percentyl według liczby udzielonych odpowiedzi
Twoja historia wyników
Nie rozwiązałeś tego quizu